Welcome to the Holygrace Academy Library

Please use search bar below to get started

FISH (Record no. 6370)

MARC details
000 -LEADER
fixed length control field 00282nam a22001217a 4500
020 ## - INTERNATIONAL STANDARD BOOK NUMBER
ISBN 1-86019-587-3
082 ## - DEWEY DECIMAL CLASSIFICATION NUMBER
Classification number 001
Item number MAC/W
100 ## - MAIN ENTRY--AUTHOR NAME
Personal name MACLEOD, BEATRICE
245 ## - TITLE STATEMENT
Title FISH
Remainder of title WONDERFUL WORLD OF ANIMALS
260 ## - PUBLICATION, DISTRIBUTION, ETC. (IMPRINT)
Place of publication LONDON
Name of publisher BROCKHAMPTON PRESS
650 ## - SUBJECT ADDED ENTRY--TOPICAL TERM
Topical Term GK
Geographic subdivision LONDON
942 ## - ADDED ENTRY ELEMENTS (KOHA)
Koha item type Books
Holdings
Withdrawn status Lost status Collection code Home library Current library Shelving location Date acquired Source of acquisition Full call number Accession Number Koha item type
    G.K Main Library Main Library SHELF-17E-SCIENCE RELATED BOOKS 03/11/2023 PURCHASE 001 MAC/W 01303 Books